000 00463nam a2200169 i 4500
001 50311
003 ES-MaACL
005 20230906162147.0
007 t|
008 030801s1980 sp ||||1| spa d
100 1 _aCrozier, Brian.
_941757
245 1 0 _aFranco
_b: crepúsculo de un hombre /
_cBrian Crozier.
250 _a[1ª ed.].
260 _a[Barcelona] :
_bPlaneta,
_c[1980]
300 _a180 p. :
_bil. ;
_c20 cm.
852 _aES-MaACL
_jL-236
_bR.100705
999 _c50311
_d50311